| 000 | 01064nam a2200325 a 4500 | ||
|---|---|---|---|
| 003 | AR-BaBNM | ||
| 005 | 20251128210246.0 | ||
| 008 | 082120s2002 ||||||||||||||000 | spa|| | ||
| 020 | _a84-8316-042-0 | ||
| 040 | _cAR-BaBNM | ||
| 100 | 1 | _aGómez Castro, José Luis | |
| 245 | 0 | 0 |
_aAyudándole a crecer _bguía práctica de intervención educativa con niños de cero a seis años |
| 260 |
_aMadrid _bCCS _c1997 |
||
| 300 |
_a166 p. _bil., tablas, diagr. |
||
| 490 | 0 |
_aMateriales para educadores _vv. 24 |
|
| 500 | _aContiene índice temático de actividades organizado por edad p. 141-166 | ||
| 650 | 4 | _aEDUCACION DE LA PRIMERA INFANCIA | |
| 650 | 4 | _aESTIMULACION TEMPRANA | |
| 650 | 4 | _aACTIVIDADES DE APRENDIZAJE | |
| 650 | 4 | _aJUEGO | |
| 650 | 4 | _aALIMENTACION | |
| 650 | 4 | _aAMBIENTE EDUCACIONAL | |
| 650 | 4 | _aACTIVIDADES PARA LA SALUD | |
| 653 | _aEDUCACION INICIAL | ||
| 700 | 1 |
_aOrtega López, María Jesús _ecoordinador |
|
| 700 | 1 | _aMartín Martín, Eladia | |
| 700 | 1 | _aZayas Mariategui, Inmaculada | |
| 942 | _cBK | ||
| 998 | _cRaquel | ||
| 999 |
_c14684 _d14684 |
||